[Event "EICC 2019"]
[Site "Skopia"]
[Date "2019.03.27"]
[Round "9.47"]
[White "Golubka, Petro"]
[Black "Huschenbeth, Niclas"]
[Result "0-1"]
[WhiteElo "2468"]
[BlackElo "2594"]
[Annotator "TA"]
[PlyCount "148"]
[EventDate "2019.03.18"]
[EventType "swiss"]
[EventCountry "MKD"]
[SourceTitle "playchess.com"]
[Source "ChessBase"]
[SourceQuality "1"]

{[%evp 13,148,23,48,25,36,33,35,33,29,24,32,43,43,25,64,74,72,70,71,64,83,35,35,47,43,18,36,27,22,4,0,-6,-17,-20,-22,-15,-13,-17,-12,-19,-12,-20,-6,-15,-5,-17,0,0,0,-12,-12,-10,-12,-63,-57,-109,-98,-116,-77,-93,-90,-77,-72,-93,-83,-85,-88,-98,-79,-110,-102,-122,-120,-118,-115,-119,-69,-84,-58,-60,-61,-58,-55,-75,-81,-88,-86,-104,-65,-74,-48,-69,-70,-85,-46,-54,-46,-55,-8,-52,-8,-18,0,-35,-35,-33,-34,-55,-55,-55,-55,-118,-122,-126,-111,-117,-131,-410,-417,-387,-348,-382,-348,-327,-334,-548,-460,-533,0,-456,-456,-10160,0,-16,0,-6283,-6070]} 1. e4 e5 2. Nf3 Nc6 3. Bb5 a6 4. Ba4 d6 5. Bxc6+ bxc6 6. d4 f6 7. Nc3 g6 8. h4 {C73: Ruy Lopez: Deferred Steinitz: 5 Bxc6+} (8. Qe2 Bg7 9. Be3 Ne7 10. O-O-O h6 11. Nd2 Be6 12. f4 exf4 13. Bxf4 O-O 14. Nf3 Qd7 15. Rhe1 Rfe8 {½-½ (27) Perunovic,M (2603)-Demchenko,A (2629) Sarajevo 2017}) 8... Bg4 9. Be3 Bg7 $146 ({Predecessor:} 9... Nh6 10. Qd2 Nf7 11. O-O-O Bg7 12. Rdg1 Qb8 13. d5 c5 14. h5 g5 15. Ne1 Qb7 {½-½ (57) Lenchiner,I-Sakharov,Y Kiev 1961}) 10. Qd2 {White is slightly better.} Ne7 11. dxe5 fxe5 12. Nh2 Be6 {[#]} 13. h5 $1 {[%mdl 512]} h6 (13... gxh5 14. Nf3) 14. hxg6 Nxg6 15. Nf3 Qf6 16. O-O-O Nf4 17. Bxf4 Qxf4 18. Qxf4 exf4 19. Nd4 Kd7 20. Nce2 Raf8 21. Rh4 Bf6 22. Rhh1 Bc4 23. b3 Bxe2 24. Nxe2 f3 25. gxf3 Bg5+ {[%mdl 64] Discovered Attack} 26. f4 $1 {[%cal Rf4g5]} Bxf4+ 27. Kb1 Be5 28. Rdf1 Rf3 29. Ng1 Rf6 (29... Rf4 {is more complex.} 30. f3 Rhf8 31. Rd1 R4f6 32. Rf1 Rg8) 30. Ne2 Rf3 31. Ng1 Rf4 32. f3 Rhf8 33. Rxh6 {[#]} (33. Rd1 $11) 33... Rxe4 $1 $15 {[%mdl 576] Pin} 34. Rd1 ({White should try} 34. Rg6 $15) (34. fxe4 Rxf1#) 34... Re3 $17 35. Rh4 Bc3 36. Rh7+ Kc8 37. Rh2 Rfe8 38. Rh1 Be5 39. Rf1 Rf8 40. Rh4 Bc3 41. Rh1 a5 42. Rd1 {[#]} a4 $1 {[%mdl 512]} 43. Rh4 (43. bxa4 Rf4) 43... axb3 44. cxb3 d5 45. Kc2 Bf6 46. Rf4 Re6 47. Rd2 $1 Rfe8 {Threatens to win with ...Bg5.} 48. Nh3 Rh8 49. Ng1 Bg5 {[%mdl 64] Skewer} 50. Ra4 Kd7 51. Rg2 Bf6 52. Ne2 Re3 53. f4 Rhe8 54. Kd2 Rf3 55. Rh2 Rf1 56. Kc2 Re1 57. Nc1 Kd6 58. Rh6 R8e6 59. Rh2 c5 60. Ra6+ c6 61. Nd3 R1e4 62. f5 (62. Rh7 $15) 62... Re2+ 63. Rxe2 Rxe2+ {[%mdl 4096] Endgame KRB-KRN} 64. Kd1 Rh2 {Strongly threatening ...Bg5.} 65. a4 $2 {[%mdl 8192]} (65. Ra8 $17 {was necessary.}) 65... Bg5 $19 66. Ne1 Rd2+ 67. Kc1 Rf2+ 68. Kd1 d4 (68... Rxf5 $2 69. Ra7 $19) 69. f6 $2 (69. Ra8 d3 {[%mdl 64] Decoy} 70. Nxd3 Rd2+ {[%mdl 64] Double Attack} 71. Kc1 Rxd3+ 72. Kc2 Rd2+ 73. Kb1) 69... Rd2+ 70. Kc1 Rf2+ 71. Kd1 d3 72. f7 (72. Nxd3 $142 Rd2+ {[%mdl 64] Double Attack} 73. Ke1 Rxd3 74. f7) 72... Rd2+ $2 ({Black should play} 72... d2 $19 {And now ...Rf1 would win.} 73. Ra8 Rxf7) 73. Kc1 $11 Rf2+ $2 {[%mdl 8192]} (73... Ke7 $11 74. Nf3 Rc2+ 75. Kb1 Bf6 76. Rxc6 Kxf7) 74. Kd1 $19 d2 {Accuracy: White = 48%, Black = 70%.} 0-1

[Event "EICC 2019"]
[Site "Skopia"]
[Date "2019.03.27"]
[Round "9.48"]
[White "Parligras, Mircea-Emilian"]
[Black "Pultinevicius, Paulius"]
[Result "0-1"]
[WhiteElo "2657"]
[BlackElo "2439"]
[Annotator "TA"]
[PlyCount "74"]
[EventDate "2019.03.18"]
[EventType "swiss"]
[EventCountry "MKD"]
[SourceTitle "playchess.com"]
[Source "ChessBase"]
[SourceQuality "1"]

{[%evp 9,74,20,43,32,41,22,35,31,39,7,33,25,33,34,26,20,27,27,31,17,41,43,42,18,19,-76,-58,-115,-95,-269,-256,-407,-399,-400,-398,-1090,-450,-465,-460,-438,-418,-587,-572,-630,-628,-683,-666,-746,-717,-831,-833,-1075,-1065,-1176,-1159,-1326,-1306,-1638,-1541,-1624,-1574,-1512,-1511,-1471,-1420,-1341,-1326]} 1. Nf3 Nf6 2. c4 g6 3. Nc3 d5 4. cxd5 Nxd5 5. h4 {[%cal Bh2h4,Bh4h5][%mdl 32]} Nxc3 6. bxc3 {A16: English Opening: 1...Nf6 with ...d5} Bg7 7. h5 c5 8. e3 {White is slightly better.} Nc6 9. Be2 Bf5 10. Qb3 O-O $146 ({Predecessor:} 10... b6 11. Ng5 e6 12. f4 h6 13. Qa4 Rc8 14. Ne4 g5 15. Bb5 Qd5 16. Nf2 Qd6 17. Ne4 Qd5 18. Nf2 Qd6 19. Ne4 {½-½ (19) Aronian,L (2809)-Svidler,P (2749) Saint Louis 2017}) 11. hxg6 Bxg6 12. Ba3 b6 13. d4 Rc8 14. Rd1 cxd4 15. cxd4 ({Much worse is} 15. exd4 Na5 $11) 15... Na5 16. Qb4 Qd5 17. Bd3 (17. Qxe7 Qxa2 18. Bb5 Bc2 $17) (17. O-O $1 $11) 17... Qxa2 18. Bxg6 (18. Rd2 $15 Qd5 19. Qb5 (19. Qxe7 Rfe8 $15) 19... Qxb5 20. Bxb5) 18... hxg6 $17 19. Qxe7 $2 (19. Rd2 $17 Nc6 20. Rxa2 Nxb4 21. Bxb4 Rc1+ 22. Ke2 Rxh1 23. Rxa7) 19... Rfe8 $19 20. Qb4 (20. Qxa7 {was forced.} Qxa3 21. O-O) 20... Bf8 21. Qb5 {[#] Black must now prevent Bxf8.} Qxa3 22. Qg5 $2 (22. O-O) 22... Rc1 (22... Bb4+ $142 23. Ke2 Rc2+ 24. Nd2 Bxd2) 23. O-O Rxd1 24. Rxd1 Qe7 25. Qf4 (25. Qd5 {might work better.}) 25... Nc4 {Black is clearly winning.} 26. d5 b5 27. Nd4 Qd7 28. e4 Bg7 29. Nf3 a5 30. Qh4 a4 31. Ng5 a3 32. f4 a2 33. e5 Qa7+ 34. Kh2 a1=Q 35. Rxa1 Qxa1 36. e6 Nd6 37. Qh7+ Kf8 {Accuracy: White = 23%, Black = 77%.} 0-1

[Event "EICC 2019"]
[Site "Skopia"]
[Date "2019.03.27"]
[Round "9.49"]
[White "Van Foreest, Jorden"]
[Black "Ivic, Velimir"]
[Result "0-1"]
[WhiteElo "2621"]
[BlackElo "2487"]
[Annotator "TA"]
[PlyCount "66"]
[EventDate "2019.03.18"]
[EventType "swiss"]
[EventCountry "MKD"]
[SourceTitle "playchess.com"]
[Source "ChessBase"]
[SourceQuality "1"]

{[%evp 12,66,17,9,15,12,18,16,14,11,17,24,34,37,0,-129,-159,-220,-212,-211,-198,-197,-203,-213,-196,-195,-54,-45,-41,-78,-35,-52,-51,-130,-122,-133,-128,-137,-126,-139,-143,-165,-172,-263,-248,-263,-239,-241,-237,-1121,-1091,-29986,-29973,-29973,-29974,-5310,-941]} 1. e4 c5 2. Nf3 d6 3. d4 cxd4 4. Nxd4 Nf6 5. Nc3 a6 6. h3 e5 7. Nb3 Be6 {B90: Sicilian Najdorf: Unusual White 6th moves, 6 Be3 Ng4 and 6 Be3 e5} 8. f4 g6 (8... exf4 9. Bxf4 Nc6 10. Qe2 Be7 11. O-O-O Qc7 12. g4 O-O 13. g5 Nd7 14. Qe3 Rac8 15. Kb1 {1-0 (60) Van Foreest,J (2612)-Nepomniachtchi,I (2763) Wijk aan Zee 2019}) 9. Be2 Nbd7 {The position is equal.} 10. g4 exf4 11. g5 $1 {[%cal Rg5f6]} Nh5 $146 ({Predecessor:} 11... Ng8 12. Bxf4 h6 13. Qd4 hxg5 14. Bd2 Rxh3 15. Rxh3 Bxh3 16. O-O-O Qf6 17. Qg1 Be6 18. Nd4 {½-½ (18) Tiemann,C (2403)-Ibragimov,V (2431) GER email 2017}) 12. Bxh5 {And now Bg4 would win.} Qxg5 {aiming for ...Qg3+.} 13. Bf3 (13. Bg4 $11 Qh4+ 14. Kd2) 13... Qg3+ {[%mdl 64] [#] Double Attack} 14. Kd2 Ne5 15. Rf1 Bxh3 16. Nd4 Bxf1 17. Qxf1 Bg7 18. Nce2 Qh4 ({Black should play} 18... Nxf3+ $19 19. Qxf3 Qxf3 20. Nxf3 O-O) 19. c3 $1 $15 O-O 20. Kc2 b5 21. Bxf4 b4 $1 22. Qg2 (22. Bxe5 $1 $15 Bxe5 23. Qh1) 22... Nxf3 $17 23. Qxf3 bxc3 24. bxc3 Qe7 25. Rg1 {With the idea Nf5.} Rfe8 26. Kd3 Rac8 27. Rg5 (27. Rc1 {was called for.}) 27... Qb7 $19 ({Resist} 27... Qc7 28. Kc2 $19) 28. Rg1 Qb2 {[#] Strongly threatening ...Bxd4.} 29. Bxd6 Qxa2 30. Qf4 $2 (30. Rc1 Qc4+ 31. Kd2) 30... Bxd4 31. cxd4 Qb3+ 32. Kd2 Rc2+ 33. Ke1 Qb1+ {Accuracy: White = 51%, Black = 62%.} (33... Qd3 $142 34. Rg2 Rxe4 35. Qxe4 Qxe4) 0-1

[Event "EICC 2019"]
[Site "Skopia"]
[Date "2019.03.27"]
[Round "9.50"]
[White "Blagojevic, Dragisa"]
[Black "Indjic, Aleksandar"]
[Result "1/2-1/2"]
[WhiteElo "2498"]
[BlackElo "2620"]
[Annotator "TA"]
[PlyCount "131"]
[EventDate "2019.03.18"]
[EventType "swiss"]
[EventCountry "MKD"]
[SourceTitle "playchess.com"]
[Source "ChessBase"]
[SourceQuality "1"]

{[%evp 15,131,34,37,20,9,14,0,9,27,27,35,25,22,21,46,41,61,77,62,65,80,70,72,69,75,77,81,80,75,75,78,72,75,72,72,71,78,68,75,72,93,93,93,97,106,112,119,85,112,100,135,74,91,93,102,87,97,50,50,39,75,81,74,75,96,89,97,80,62,73,158,0,0,0,0,0,0,0,0,0,0,0,0,0,0,0,0,0,0,0,0,0,0,0,0,0,0,0,0,0,0,0,0,0,0,0,0,0,0,0,0,0,0,0,0,0,0,0]} 1. d4 Nf6 2. c4 e6 3. Nf3 b6 4. g3 Ba6 5. b3 b5 6. cxb5 Bxb5 7. Bg2 d5 8. O-O Nbd7 9. Ba3 {E15: Queen's Indian: 4 g3 sidelines, 4 g3 Ba6 and 4 g3 Bb7 early deviations} (9. Nc3 Ba6 10. Ne5 Bd6 11. Bf4 O-O 12. Rc1 Bxe5 13. dxe5 Nh5 14. Na4 Nxf4 15. gxf4 Bb5 16. Nc5 Nxc5 17. Rxc5 {½-½ (43) Aronian,L (2807)-Carlsen,M (2823) Moscow 2011}) 9... Bxa3 10. Nxa3 Ba6 11. Rc1 Qe7 12. Nb1 Rc8 13. Rc6 $146 ({Predecessor:} 13. Rc2 Qb4 14. Qe1 Qxe1 15. Rxe1 Ke7 16. Rec1 c6 {½-½ (26) Wells,P (2495)-Dautov,R (2590) Bad Woerishofen 1997}) 13... Bb7 14. Rc2 O-O 15. Qc1 Qb4 16. Qa3 $36 {[%mdl 2048] White is on the roll.} Qb6 17. Rfc1 Ne4 18. Nc3 Nxc3 19. Rxc3 Rfe8 20. e3 a5 21. Ne1 c6 22. Nd3 Ra8 23. R3c2 h6 24. Qd6 Qd8 25. Bf1 Ra7 26. Be2 Qb8 27. Qa3 ({Don't play} 27. Qxd7 $6 Ba8 $11) 27... e5 28. dxe5 Nxe5 29. Nxe5 Qxe5 30. Rc5 Qf6 31. Bf1 d4 32. exd4 ({Reject} 32. Rxa5 $6 Rxa5 33. Qxa5 c5 $11) 32... Qxd4 33. R5c4 (33. Rxa5 $142 Rxa5 34. Qxa5) 33... Qd2 34. Qc5 Raa8 35. R4c2 Qb4 36. Qxb4 axb4 37. Bg2 Re5 38. Rc4 Rxa2 39. Rxb4 Ba6 40. Ra4 Rxa4 41. bxa4 $16 {[%mdl 4096] Endgame KRB-KRB} c5 42. Bf1 Re6 ({Better is} 42... Bxf1 43. Kxf1 Kf8) 43. Bb5 $2 (43. a5 $16) 43... Bxb5 $1 $11 {The position is equal.} 44. axb5 {KR-KR} Re5 $1 45. b6 {[%cal Bb5b6,Bb6b7][%mdl 32]} Re6 $1 46. Rb1 Re8 47. Kf1 Kf8 $1 48. b7 Rb8 49. Ke2 Ke7 50. Kd3 {[#] And now Kc4 would win.} Kd6 51. Kc4 Kc6 $1 52. h4 (52. g4 {is more complex.} f6 53. Rb5 Rxb7 54. Rxb7 Kxb7 55. Kxc5 Kc7 56. Kd5) 52... Rxb7 53. Rxb7 Kxb7 54. Kxc5 {K3P-K3P} Kc7 55. h5 Kd7 56. Kd5 Ke7 57. Ke5 Kd7 58. g4 Ke7 59. Kf5 Kf8 60. f4 Ke7 61. g5 hxg5 $1 62. Kxg5 Kf8 63. h6 g6 64. Kf6 {[#] Intending h7 and mate.} Kg8 65. Ke7 Kh7 {...f5 is the strong threat.} 66. Kxf7 {Accuracy: White = 64%, Black = 70%.} 1/2-1/2

[Event "EICC 2019"]
[Site "Skopia"]
[Date "2019.03.28"]
[Round "10.1"]
[White "Artemiev, Vladislav"]
[Black "Esipenko, Andrey"]
[Result "1-0"]
[WhiteElo "2736"]
[BlackElo "2603"]
[Annotator "TA"]
[PlyCount "105"]
[EventDate "2019.03.18"]
[EventType "swiss"]
[EventCountry "MKD"]
[SourceTitle "playchess.com"]
[Source "ChessBase"]
[SourceQuality "1"]

{[%evp 18,105,27,-3,30,29,37,14,12,20,8,17,8,10,12,14,15,13,27,27,28,29,33,30,17,20,24,18,33,11,60,61,161,168,177,186,170,170,180,164,233,222,355,356,346,341,316,311,300,283,325,323,395,393,6070,5386,29965,29965,29965,29967,5020,1445,1466,1194,2241,2153,29968,29958,29962,29965,29968,29970,29969,29971,29970,29972,29972,29973,29973,29973,29980,29981,29980,29975,29973,29966,29982,29983,29982,29983]} 1. Nf3 Nf6 2. g3 g6 3. Bg2 Bg7 4. d4 d5 5. O-O O-O 6. c4 dxc4 7. Na3 c3 8. bxc3 c5 9. Re1 Nc6 10. e4 cxd4 {D77: Fianchetto Grünfeld: 6 0-0: Replies other than 6...c6} 11. cxd4 Bg4 12. Bb2 Nd7 {The position is equal.} 13. Rb1 {[%cal Ba1b1,Bb1b2,Bb2c2][%mdl 32]} Nb6 14. d5 Bxb2 15. Rxb2 Ne5 16. Qb3 Bxf3 17. Bxf3 {[#]} Na4 $146 ({Predecessor:} 17... Nxf3+ 18. Qxf3 {1-0 (74) Giri,A (2776)-Grandelius,N (2573) Doha 2014}) 18. Rc2 Nxf3+ 19. Qxf3 Rc8 20. Rec1 Rxc2 21. Rxc2 Qd7 22. Nc4 $36 {[%mdl 2048] White has good play.} f6 23. Na5 {Strongly threatening Qb3.} Kg7 24. Qa3 b6 (24... Nb6 $14) 25. Nb3 $18 Nc5 26. Nxc5 bxc5 27. Rxc5 {[%mdl 4096] Endgame KQR-KQR} Rb8 28. Rc6 Rb7 (28... Qb7 {was worth a try.} 29. Kg2 Qb4) 29. Kg2 Qg4 (29... Qd8 $142 30. Qc3 Qd7) 30. Re6 Kf7 31. Qa6 Rb6 32. Qxa7 Rxe6 33. dxe6+ Qxe6 {[#] KQ-KQ} 34. Qa8 $1 Kg7 35. a4 {[%cal Ba2a4,Ba4a5][%mdl 32] a5 is the strong threat.} g5 $2 (35... h5 36. a5 h4) 36. a5 h5 37. h3 g4 38. h4 Qb3 39. Qd5 (39. a6 $142 Qf3+ 40. Kg1) 39... Qf3+ 40. Kg1 Qe2 41. Qc5 e5 42. Qe7+ {White mates.} Kg6 43. Qe8+ Kh6 44. Qa4 Qa6 45. Qb4 Kg6 46. Qb6 Qe2 47. a6 Qe1+ 48. Kh2 Qxe4 49. a7 Qf3 50. Qb2 Kg7 51. Qd2 Kg6 52. Qa2 Qa8 53. Qb1+ {Accuracy: White = 80%, Black = 37%.} 1-0

[Event "EICC 2019"]
[Site "Skopia"]
[Date "2019.03.28"]
[Round "10.2"]
[White "Grandelius, Nils"]
[Black "Anton Guijarro, David"]
[Result "1/2-1/2"]
[WhiteElo "2694"]
[BlackElo "2643"]
[Annotator "TA"]
[PlyCount "103"]
[EventDate "2019.03.18"]
[EventType "swiss"]
[EventCountry "MKD"]
[SourceTitle "playchess.com"]
[Source "ChessBase"]
[SourceQuality "1"]

{[%evp 10,103,8,9,15,8,15,9,9,7,9,12,17,8,10,8,12,2,7,8,10,4,8,0,5,0,5,0,22,19,32,38,32,39,82,56,39,39,90,69,88,79,147,109,134,95,83,52,26,57,30,-42,-49,-58,-51,-122,-64,-66,-66,-71,-42,-32,-34,-39,-20,-18,-19,-31,-31,-30,-35,-55,-8,-8,-8,-8,-8,-8,-8,-8,-8,-8,-8,-8,-8,-8,-8,-8,-8,-8,-8,-8,-8,-8,-8,-8]} 1. e4 e5 2. Nf3 Nc6 3. Bc4 Bc5 4. O-O Nf6 5. d3 d6 6. c3 a5 {C54: Giuoco Piano: 4 c3 Nf6, main lines with 5 d4 and 5 d3} 7. Re1 O-O 8. Nbd2 {[%cal Bb1d2,Bd2f1,Bf1e3,Be3c4][%mdl 32]} Be6 9. Bb5 Qb8 10. Nf1 Qa7 11. Be3 Bxe3 12. Nxe3 Ne7 13. a4 Ng6 14. Bc4 Bxc4 15. Nxc4 {[#]} Rfe8 $146 16. Qc2 Qa6 17. b3 Rad8 18. Rad1 c6 19. d4 exd4 20. Nxd4 d5 21. exd5 Nxd5 22. Nf5 Rxe1+ 23. Rxe1 b5 (23... Nf6 $14) 24. Ncd6 $16 bxa4 25. bxa4 Qb6 (25... c5 $142) 26. h4 {Threatens to win with h5.} h5 27. Ne8 Qc5 28. Nexg7 Nf6 29. c4 {And now Qb2 would win.} Ne5 30. Rd1 (30. Nxh5 $11 Nxh5 31. Nh6+ (31. Qe2 Nf6 $11) 31... Kg7 32. Qf5 {[%mdl 64] Double Attack}) 30... Rxd1+ $15 31. Qxd1 Neg4 32. Qe2 {[#]} (32. Qd2 $15) 32... Qe5 (32... Kh7 $1 $17 33. g3 {[#]} Ne4 $1 {[%mdl 512]}) 33. Qxe5 Nxe5 {[%mdl 4096] Endgame KNN-KNN} 34. f3 c5 35. Kf2 Nxc4 36. Ke2 Nb2 37. g4 $1 hxg4 38. fxg4 Nxg4 {...Nf6 is the strong threat.} 39. Ne8 Nxa4 40. Ned6 Ne5 41. Nb7 {The position is equal.} Kh7 42. h5 Nc3+ 43. Kd2 Ne4+ 44. Ke3 Nf6 45. Nxa5 Nxh5 {Strongly threatening ...Kg6.} 46. Nb3 Kg6 47. Nd6 c4 48. Nd2 c3 49. N2e4 c2 50. Kd2 f5 51. Nxf5 Kxf5 52. Nc3 {Accuracy: White = 69%, Black = 59%.} 1/2-1/2

[Event "EICC 2019"]
[Site "Skopia"]
[Date "2019.03.28"]
[Round "10.3"]
[White "Oparin, Grigoriy"]
[Black "Rodshtein, Maxim"]
[Result "1/2-1/2"]
[WhiteElo "2613"]
[BlackElo "2673"]
[Annotator "TA"]
[PlyCount "20"]
[EventDate "2019.03.18"]
[EventType "swiss"]
[EventCountry "MKD"]
[SourceTitle "playchess.com"]
[Source "ChessBase"]
[SourceQuality "1"]

{[%evp 13,20,-33,-23,-48,-11,-21,-15,-38,-17]} 1. Nf3 Nf6 2. g3 c5 3. Bg2 Nc6 4. d4 cxd4 5. Nxd4 e5 6. Nxc6 {A04: Unusual lines after 1 Nf3 and King's Indian Attack} dxc6 7. Qxd8+ (7. Nd2 Be7 8. b3 Be6 9. Bb2 Nd7 10. O-O O-O 11. e3 Qc7 12. Qe2 a5 13. a4 {½-½ (54) Nakamura,H (2787)-Karjakin,S (2763) Moscow 2018}) 7... Kxd8 {LiveBook: 11 Games} 8. Bg5 Be7 9. Nd2 Be6 $146 ({Predecessor:} 9... Bf5 10. O-O-O Nd7 11. Bxe7+ Kxe7 12. e4 Be6 13. h4 {½-½ (29) Kasela,S (2020)-Teemae,L (2108) Estonia 2007}) 10. e4 Nd7 1/2-1/2

[Event "EICC 2019"]
[Site "Skopia"]
[Date "2019.03.28"]
[Round "10.4"]
[White "Cheparinov, Ivan"]
[Black "Piorun, Kacper"]
[Result "1/2-1/2"]
[WhiteElo "2683"]
[BlackElo "2631"]
[Annotator "TA"]
[PlyCount "138"]
[EventDate "2019.03.18"]
[EventType "swiss"]
[EventCountry "MKD"]
[SourceTitle "playchess.com"]
[Source "ChessBase"]
[SourceQuality "1"]

{[%evp 21,138,22,33,32,41,40,37,33,35,33,64,48,70,56,68,66,53,62,88,34,36,51,46,16,28,34,21,20,20,17,29,0,0,15,39,0,0,0,114,121,121,131,122,126,122,0,0,-29,0,0,0,0,52,0,0,0,92,0,0,0,0,-7,-13,-70,-70,-70,-70,-70,-70,-70,-70,-70,-70,-70,-70,-70,-70,-70,-70,-70,-70,-70,-70,-70,-70,-70,-70,-70,-70,-70,-42,-42,-42,-42,-42,-42,-28,-35,-24,-32,0,-42,0,-42,-42,-42,-42,-42,-42,-42,-42,-42,-42,-42,-42,-42,0,-42,0]} 1. d4 Nf6 2. c4 e6 3. Nf3 d5 4. g3 Be7 5. Bg2 O-O 6. O-O Nbd7 7. Qc2 c6 8. Nbd2 b6 9. e4 Bb7 10. e5 Ne8 11. cxd5 cxd5 12. Re1 {E09: Closed Catalan: Main Line: 7 Qc2 c6 8 Nbd2} Qc7 (12... Rc8 13. Qd1 Qc7 14. Nb1 b5 15. Bf1 b4 16. Bd3 h6 17. Bf4 Qb6 18. Nbd2 Ba6 19. Bc2 f5 20. exf6 Rxf6 {1-0 (32) Gelfand,B (2729)-Stupak,K (2573) Tbilisi 2017}) 13. Qd1 {[#]} a5 $146 ({Predecessor:} 13... Rc8 14. Nf1 Qc2 15. Qxc2 Rxc2 16. Ne3 Rc6 17. Bd2 {½-½ (17) Matamoros Franco,C (2508)-Epishin,V (2574) Bratto 2008}) 14. Nf1 {White is slightly better.} Rc8 15. Ne3 Ba6 16. h4 h6 17. Bd2 Qd8 18. Bh3 Nb8 19. a3 Qd7 20. g4 (20. Ng4 $16) 20... Nc6 $14 21. Ng2 Bd3 {[#]} 22. Bxh6 $1 {[%mdl 512]} Bc2 $1 {[%cal Rc2d1]} (22... gxh6 23. Qxd3) 23. Qxc2 Nxd4 $1 24. Qd3 Nxf3+ 25. Qxf3 {Strongly threatening Bd2.} gxh6 26. g5 hxg5 27. hxg5 Qa4 ({But not} 27... Bxg5 $2 28. Qg3 $18) 28. b3 Qd4 29. Rad1 Qc3 (29... Qb2 $1 $11) 30. Rd3 $16 Qb2 {[#]} 31. Nf4 $1 {[%cal Rf4d5] aiming for Nxd5!} Rc1 32. Rxc1 Qxc1+ 33. Kg2 (33. Rd1 $16 Qc6 34. g6) 33... Bxg5 $11 34. Nh5 Bh6 (34... Qe1 $5 {[%cal Re1e5]} 35. Qg4 Kh8 $15) 35. Rd4 Kh8 (35... Qxa3 $2 36. Rh4 $18) 36. Rg4 Qc2 ({Better is} 36... Qxa3 $11 37. Qg3 Qb2) 37. Ng3 (37. Nf6 $14 Nxf6 38. Qxf6+ {[%mdl 64] Double Attack} Kh7 39. Kh2) 37... Qh7 38. Rh4 {And now Qh5 would win.} Rg8 (38... f5 $11 {keeps the balance.}) 39. Kh2 (39. Bg4 $16) 39... Rg6 40. Bf1 {Hoping for Bb5.} f5 $36 {[%mdl 2048] Black has the initiative.} 41. Bd3 {Threatening Bxf5!} Qe7 42. Rh3 ({White should try} 42. Kh3 $1 $11 Ng7 43. Qf4) 42... Kg8 $15 ({Not} 42... Qxa3 $2 43. Qh5 $18) 43. Qh5 Qg5 44. Qxg5 Bxg5 45. Ne2 Ng7 46. f4 Be7 47. a4 Kf7 48. Rg3 Rh6+ 49. Rh3 Rxh3+ 50. Kxh3 {[%mdl 4096] Endgame KBN-KBN} Bc5 51. Kg3 Be3 52. Kf3 Bd2 53. Nd4 Nh5 54. Ne2 Ke7 55. Bb5 {[#]} d4 $1 {[%mdl 512]} 56. Nxd4 Nxf4 57. Nc6+ Kf8 58. Bc4 Ke8 59. Nd4 Kd7 60. Bb5+ Ke7 61. Nc6+ Kf8 62. Bc4 Bc1 63. Nd4 Ke7 {Threatens to win with ...Ng6.} 64. Ne2 Nxe2 65. Bxe2 Bb2 66. Kf4 Bd4 67. Bc4 Bg1 {White must now prevent ...Bh2+.} 68. Kg3 $1 Bd4 69. Kf4 Bg1 {Accuracy: White = 67%, Black = 64%.} 1/2-1/2

[Event "EICC 2019"]
[Site "Skopia"]
[Date "2019.03.28"]
[Round "10.5"]
[White "Korobov, Anton"]
[Black "Movsesian, Sergei"]
[Result "0-1"]
[WhiteElo "2686"]
[BlackElo "2627"]
[Annotator "TA"]
[PlyCount "80"]
[EventDate "2019.03.18"]
[EventType "swiss"]
[EventCountry "MKD"]
[SourceTitle "playchess.com"]
[Source "ChessBase"]
[SourceQuality "1"]

{[%evp 14,80,31,23,22,0,0,0,0,0,0,0,0,0,0,0,0,0,0,0,0,-15,-21,-20,8,1,5,0,0,0,0,0,0,0,0,0,0,0,0,-74,-20,-15,-10,-7,-6,-47,-47,-50,-46,-40,-51,-43,-38,-126,-129,-283,-262,-250,-251,-200,-237,-222,-114,-106,-106,-107,-107,-618,-611]} 1. d4 Nf6 2. c4 e6 3. Nf3 d5 4. Nc3 Bb4 5. Bg5 h6 6. Bxf6 Qxf6 7. Qa4+ Nc6 8. e3 O-O {D38: Queen's Gambit Declined: Ragozin Defence (4 Nf3 Bb4)} 9. Rd1 Rd8 10. Bd3 $146 ({Predecessor:} 10. Qb3 Qg6 11. h3 dxc4 12. Bxc4 Bxc3+ 13. Qxc3 Bd7 14. Bd3 Qh5 15. a3 Qa5 16. b4 {1-0 (61) Esipenko,A (2593)-Leko,P (2669) Moscow 2018}) 10... dxc4 {The position is equal.} 11. Bxc4 Bd7 12. Qc2 Na5 13. Bd3 c5 14. O-O cxd4 15. Ne4 Qe7 $1 16. a3 Rac8 17. Qe2 Bd6 18. b4 Nc6 19. exd4 Be8 20. Rfe1 Qc7 21. Nxd6 Rxd6 22. Qe4 f5 23. Qf4 Bh5 24. Bc4 Kh8 25. d5 Bxf3 26. gxf3 (26. Qxf3 $11 Nxb4 27. dxe6 Rxd1 28. Rxd1 (28. Qxd1 Qxc4 29. axb4 Qxb4 $11) 28... Qxc4 29. axb4) 26... Qd8 (26... Ne7 $17 {[%cal Re6d5]} 27. Rxe6 Rxe6 28. Qxc7 Rxc7 29. dxe6 Rxc4) 27. Rc1 $11 e5 $36 {[%mdl 2048] Black is more active.} 28. Qxf5 Rf6 29. Qg4 Rf4 30. Qh3 $1 Nd4 31. Bd3 $1 Nxf3+ {[%cal Bd4f3,Bf3h2,Bh2g4][%mdl 32]} 32. Kh1 Rb8 33. Re2 {[#]} (33. Re3 $1 $15 Ng5 34. Qg2) 33... Nxh2 $1 $17 {[%mdl 512] Threatens to win with ...Nf3.} 34. Rec2 $2 (34. Re4 $17 Rf3 35. Qxh2 Rxd3 {[%mdl 64] Double Attack} 36. Rxe5) (34. Kxh2 Rh4) 34... Ng4 $1 $19 {[%cal Rg4f2]} 35. Kg1 Qg5 36. Qg3 {[#]} Rxf2 $1 {[%mdl 512]} 37. d6 (37. Rxf2 Qxc1+) 37... Rd8 (37... Rxc2 $1 $19 38. Rxc2 Rd8) 38. Rc8 $17 {[#] And now Rxd8+ would win.} Rff8 $1 {[%csl LRc8,LRd6]} 39. d7 {[#]} h5 $1 {[%cal Rh5h4] White must now prevent ...h4.} 40. Be4 $2 {[%mdl 8192]} (40. R1c5 $17) 40... h4 {Accuracy: White = 57%, Black = 78%.} 0-1